Online Catalogue and eLibrary

Velippaduthal: (Record no. 3832)

MARC details
000 -LEADER
fixed length control field 00428nam a2200145Ia 4500
005 - DATE AND TIME OF LATEST TRANSACTION
control field 20250307032302.0
008 - FIXED-LENGTH DATA ELEMENTS--GENERAL INFORMATION
fixed length control field 240331s9999 xx 000 0 und d
082 ## - DDC Classification
Item Number - Author Mark VEL
DDC Edition Number 4445
Class No. 894.811
245 #0 - TITLE STATEMENT
Title Velippaduthal:
Remainder of title Pengalin Kavithaikal
260 ## - PUBLICATION, DISTRIBUTION, ETC.
Place of publication, distribution, etc. Batticaloa,
Name of publisher, distributor, etc. Suriya Women Development Center
Date of publication, distribution, etc. 2001
300 ## - PHYSICAL DESCRIPTION
Extent (e.g. Volumes, Pages etc.) x, 50 p.,
500 ## - GENERAL NOTE
General note A collection of poems written by women.
700 ## - ADDED ENTRY--PERSONAL NAME
Personal name Thalayasingam, J
Relator term (Role) Editor
942 ## - Koha item type (Biblio)
Koha item type Books in Stacks (Lending)
Holdings
Lost status Damaged status Collection code Home library Current library Shelving location Date acquired Full call number Accession Number Item type
    Lending WERC Library WERC Library Social Science Cupboard 03/31/2024 894.811 VEL 4445 Books in Stacks (Lending)

© WERC Library